Responses for Show #1554 - Thursday, May 9, 1991

1991 College Championship quarterfinal game 4.

Contestants

[<< previous game]

Holly McCann, a senior from Wayne State University

Andre DuVoisin, a senior from the University of New Orleans

Maureen Duffy, a freshman from Ohio State University

[next game >>]

Jeopardy! Round responses

COLLEGE DEGREES
U.S. GEOGRAPHY
TV SITCOMS
FRUITS & VEGETABLES
SPORTS: 1990
COMMON BONDS
    $100 11
(André: What is, uh, a music degree? Bachelor of arts in music?)

a bachelor of music

AndréHolly
    $100 2
Georgia

André
    $100 7
Murphy Brown

André
    $100 1
spinach

André
    $100 18
(Alex: Yes, Greg LeMond.)

the United States of America

Holly
    $100 8
(slang words for) clothes

Holly
    $200 23
(André: What are library studies?)

library science

MaureenAndré
    $200 3
the Colorado

André
    $200 9
Amen

Holly
    $200 17
a lime

André
    $200 28
(Buster) Douglas

André
    $200 13
dances

André
    $300 24
a bachelor of fine arts

Holly
    $300 4
the Chesapeake Bay

Triple Stumper
    $300 10
Norm

Maureen
    $1,000 20
a soybean

Maureen
    $300 29
[The end-of-round signal sounds.]

A.J. Foyt

Triple Stumper
    $300 14
people with last names of Ireland

Holly
    $400 25
social work

André
    $400 5
Cape Cod

André
    $400 12
Major Dad

André
    $400 21
the wax bean

Triple Stumper
    $400 15
all things that have to do with jacks (where would you find a jack)

Holly
    $500 27
electrical engineering

André
    $500 6
Louisiana

André
    $500 19
Jonathan Winters

Maureen
    $500 22
(André: What is the Anjou?)
...
(Alex: We have a minute to go in the round.)

the Bartlett

AndréHolly
    $500 26
Penn State

Holly
    $500 16
all things that have to do with 1-2 (follow 1-2)

Maureen

Scores at the first commercial break (after clue 16):

Maureen André Holly
$800 $1,900 $1,100

Scores at the end of the Jeopardy! Round:

Maureen André Holly
$2,500 $2,500 $2,500

Double Jeopardy! Round responses

COMPOSERS
GOVERNMENT
ARTISTS
PHYSICAL SCIENCE
CONQUERORS
THE 1960s
    $200 18
Handel

Maureen
    $200 12
the I.R.S. (Internal Revenue Service)

André
    $200 11
Rembrandt

Holly
    $200 13
an electrical charge

Triple Stumper
    $200 6
William the Conqueror

Maureen
    $200 1
"Here's Johnny!"

André
    $400 19
Beethoven

Holly
    $400 20
the commander-in-chief

Holly
    $400 23
Picasso

Holly
    $400 14
pressure

André
    $400 7
Pizarro

André
    $400 2
(André: What is Washington, D.C.?)

New York City

André
Triple Stumper
    $600 22
Bach

André
    $500 21
(Holly: What are Blue Cross & Blue Shield?)

Medicare & Medicaid

Holly
    $600 24
Gauguin

André
    $600 15
a screw

Triple Stumper
    $600 8
Napoleon

André
    $600 3
(André: Who is John Glenn?)
(Maureen: Who is Alan Shepard?)

Yuri Gagarin

MaureenAndré
Triple Stumper
    $800 25
Rossini

André
    $800 27
the president pro tem of the Senate

Maureen
    $800 16
the Doppler effect

André
    $800 9
(Maureen: Who is Peter the Great?)

Ivan the Terrible

MaureenAndré
    $800 4
Lyndon Johnson

Holly
    $900 26
(Alex: [Prior to the wager] We have less than a minute to go.)

"Pomp And Circumstance" ("Land Of Hope And Glory")

André
    $1000 28
recall

Holly
    $1000 29
[The end-of-round signal sounds.]

Toulouse-Lautrec

André
    $1000 17
Niels Bohr

Triple Stumper
    $1000 10
(André: Who is Nebuchadnezzar?)

Cyrus (the Great)

MaureenAndré
    $1000 5
(Holly: Who is Malcolm X?)
(Maureen: Who is Huey Newton?)

Eldridge Cleaver

MaureenHolly
Triple Stumper

Scores at the end of the Double Jeopardy! Round:

Maureen André Holly
$2,300 $6,000 $4,200

Final Jeopardy! Round responses

THE OSCARS
(Alex: In second place, Bette Davis, with 10, and Katharine Hepburn, the leader, of course.)
MaureenWho is Joanne Woodward?
$2,300
HollyWho is Joanne Woodward
$2,600
AndréWho is Woodward?
$4,000
Meryl Streep

Final scores:

Maureen André Holly
$0 $2,000 $1,600
3rd place: $1,000 if eliminated Automatic semifinalist 2nd place: $1,000 if eliminated

Game dynamics:

Coryat scores:

Maureen André Holly
$1,600 $6,900 $4,700
9 R
(including 1 DD),
3 W
23 R,
7 W
(including 1 DD)
15 R,
2 W
(including 1 DD)

Combined Coryat: $13,200

[game clues] [game scores] [suggest correction]

Game tape date: 1991-04-06
The J! Archive is created by fans, for fans. Scraping, republication, monetization, and malicious use prohibited; this site may use cookies and collect identifying information. See terms. The Jeopardy! game show and all elements thereof, including but not limited to copyright and trademark thereto, are the property of Jeopardy Productions, Inc. and are protected under law. This website is not affiliated with, sponsored by, or operated by Jeopardy Productions, Inc. Join the discussion at JBoard.tv.